Loading...
| Fine Arts - Classical Music | 0 | 6 | 0 | 1 | 60 | 50 | 77.50 | 1 | 4 | 0.00 | 0.00 |
| Fine Arts - Other | 0 | 2 | 0 | 0 | 20 | 74 | 79.00 | 1 | 2 | 0.00 | 0.00 |
| Science - Physics | 0 | 2 | 1 | 0 | 15 | 92 | 92.50 | 0 | 1 | 0.00 | 0.00 |
| Fine Arts - Painting and Sculpture | 0 | 2 | 1 | 0 | 15 | 65 | 78.50 | 1 | 2 | 0.00 | 0.00 |
| Religion | 0 | 1 | 0 | 1 | 10 | 134 | 134.00 | 0 | 0 | 0.00 | 0.00 |
| Science - Other | 0 | 1 | 0 | 0 | 10 | 88 | 88.00 | 0 | 1 | 0.00 | 0.00 |
| History - Other | 0 | 1 | 0 | 0 | 10 | 113 | 113.00 | 0 | 0 | 0.00 | 0.00 |
| History - World | 0 | 0 | 1 | 0 | -5 | 0.00 | 0 | 0 | 0.00 | 0.00 | |
| Literature - World | 0 | 0 | 1 | 0 | -5 | 0.00 | 0 | 0 | 0.00 | 0.00 | |
| Mythology | 0 | 0 | 1 | 0 | -5 | 0.00 | 0 | 0 | 0.00 | 0.00 |